| 000 | 02378nam a2200445 c 4500 | ||
|---|---|---|---|
| 003 | BLK | ||
| 005 | 20230627115404.0 | ||
| 008 | 180408b bul|||||r ||||||| ||bul|| | ||
| 010 | _aKNG00089123000 | ||
| 020 |
_a978-954-701-221-9 _bиздат.: Компас |
||
| 040 | _aBLK | ||
| 041 |
_aBUL _cBUL |
||
| 072 | 7 |
_2bullib _aН92 _xИстория Н |
|
| 080 |
_aСтара и антична история (общо) _b931/939 _x(02.062) _z931/939(02.062) |
||
| 080 |
_aПаметници на културата на историческите периоди. Археологическите паметници. Старини _b904 _x(02.062) _z904(02.062) |
||
| 080 |
_aРазпространяване на научните знания - популяризиране на науката, занимателна наука, учение за явленията научно необяснени, заблуждения и фалшификации, илюзии и др. п., секретност на научните знания _b001.9 _x _z001.9 |
||
| 100 | 1 |
_aНепомняшчи, Николай Николаевич, 1955 - _eпърви автор _9101928 |
|
| 700 | 1 |
_aЛюбенов, Любен Иванов _eпрев. от рус. _9371102 |
|
| 139 |
_aНепомняшчи, Николай Николаевич _bН 58 |
||
| 245 | 1 | 0 |
_a[Сто] 100 велики тайни на древния свят _cНиколай Николаевич Непомняшчи; прев. от рус. Любен Иванов Любенов. |
| 257 | _aRUS | ||
| 260 |
_аВарна _bКомпас _c2009 _fВ. Търново : Абагар |
||
| 300 |
_a559 с. _c20 см |
||
| 380 | _a9 | ||
| 490 | 1 | _a100 велики ... | |
| 500 | _aАвт. не е отбелязан на кор. - Ориг. загл. 100 великих тайн древнего мира / Н. Н. Непомнящий. | ||
| 650 | 4 |
_aИстория, стара _9245372 |
|
| 650 | 4 |
_aАрхеологически паметници _9243363 |
|
| 653 | _aистория | ||
| 653 | _aстарини | ||
| 653 | _aзагадки | ||
| 653 | _aдревен свят | ||
| 659 | _aН | ||
| 852 | _aЦб 243774 | ||
| 856 | 4 |
_qpdf _u |
|
| 856 | 4 |
_qpdf _u |
|
| 942 |
_cKNG _n0 _010 |
||
| 944 |
_aCR _c23.04.2009 _lф / _kВаля_Йорданова |
||
| 944 |
_aED _c14.04.2010 _lф / _k |
||
| 999 |
_c84537 _d84537 |
||